Les médailles françaises aux JO de Paris 2024 - Statistiques

Statistiques générales
  • Ce quiz a été pris 107 fois
  • Le résultat moyen est 18 sur 64
Statistiques - réponses
Disciplines Athlètes ou équipes % Correct
🥇 200m papillon Léon Marchand
99%
🥇 200m brasse Léon Marchand
99%
🥇 400m 4 nages Léon Marchand
99%
🥇 200m 4 nages Léon Marchand
99%
🥇 Judo Teddy Rinner
91%
🥇 Surf Kauli Vaast
64%
🥇 Triathlon Cassandre Beaugrand
53%
🥇 Escrime Manon Apithy-Brunet
53%
🥇 VTT Pauline Ferrand Prevot
53%
🥇 Omnium Benjamin Thomas
51%
🥉 Tennis de table Félix Lebrun
44%
🥇 Canoë Nicolas Gestin
43%
🥇 BMX Joris Daudet
39%
🥉 50m Nage libre Florent Manaudou
36%
🥉 Judo Romane Dicko
35%
🥇 Taekwendo Althea Laurin
34%
🥉 Judo Clarisse Agbegnenou
30%
🥈 100m haies Cyrena Samba-Mayela
29%
🥈 Escrime Sabre Sarah Balzer
29%
🥈 Cyclisme sur route Valentin Madouas
27%
🥈 Boxe Sofiane Oumiha
26%
🥈 Kayak Titouan Castryck
26%
🥉 Cyclisme sur route Christophe Laporte
25%
🥈 BMX Sylvain André
25%
🥈 Kayak Cross Angele Hug
23%
🥉 BMX Freestyle Anthony Jeanjean
23%
🥈 1500m Nage Libre Anastasiia Kirpichnikova
22%
🥈 Pentathlon Moderne Élodie Clouvel
22%
🥈 Breakdance Dany Dann
21%
🥈 Judo Joan Benjamin Gaba
21%
🥉 Triathlon Léo Bergere
21%
🥈 Escripe épée Yannick Borel
21%
🥉 Judo Amandine Buchard
19%
🥈 Boxe Billal Bennama
18%
🥈 Judo Luka Mkheidze
18%
🥉 BMX Romain Mahieu
18%
🥉 Judo Shirine Boukli
18%
🥈 VTT Victor Koretzky
18%
🥈 Escrime épée Auriane Mallo-Breton
17%
🥉 Taekwendo Cyrian Ravet
17%
🥉 Tir à l'arc Lisa Barbelin
17%
🥉 Surf Johanne Defay
16%
🥉 Judo Sarah Léonie Cysique
14%
🥈 Basketball Hommes
13%
🥈 Basketball 3 vs 3 Hommes
13%
🥈 Football Hommes
13%
🥉 Relais 4x100m 4 nages Hommes
13%
🥈 Voile Lauriane Nolot
13%
🥈 Basketball Femmes
12%
🥈 Handball Femmes
12%
🥉 Judo Maxime Gael Ngayap Hambou
12%
🥇 Rugby Rugby à 7 Hommes
9%
🥇 Volley-Ball Volley-Ball Hommes
9%
🥈 Tir Camille Jedrzejewski
8%
🥈 Équitation Concours complet par équipes
8%
🥉 Tennis de table Par équipes Hommes
8%
🥉 Boxe Djamili-Dini Aboudou Moindze
6%
🥈 Escrime Épée par équipes Femmes
6%
🥉 Escrime Fleuret par équipes Hommes
6%
🥉 Escrime Sabre par équipes Hommes
6%
🥉 Voile Steyaert/Picon
6%
🥉 Équitation Saut d'obstacles par équipes
5%
🥇 Judo Épreuve par équipe mixtes
4%
🥈 Tir à l'arc Épreuve par équipes Hommes
3%
Aucun quiz correspondant
Distribution des résultats
% des personnes avec chaque résultat
Percentile par nombre de réponses
Votre historique - résultats
Vous n’avez pas pris ce quiz